LEADER 01642nam0-2200349-i-450- 001 990009825130403321 005 20140219101027.0 035 $a000982513 035 $aFED01000982513 035 $a(Aleph)000982513FED01 035 $a000982513 100 $a20140219d1699----km-y0itay50------ba 101 0 $afre 102 $aFR 200 1 $a<>grand dictionaire historique, ou le mélange curieux de l'histoire sacrée et profane qui contient en abregé les vies et les actions remarquables des Patriarches ... par M.re Louis Morery ...Où l'on a inferé le Supplement, qui avoit été imprimé saparément, dans un meme ordre Alphabetique ... Tome premier [-quatrieme] 205 $aNouvelle et derniere edition 210 $aA Paris$cchez Jean Baptiste Coignard$d1699 215 $a4 v.$d40 cm 303 $aFront. stampato in rosso e nero 327 0 $aTomo 1.: A-B$aTomo 2.: C-F$aTomo 3.: G-M$aTomo 4.: N-Z 676 $a203 700 1$aMoreri,$bLouis$0500868 801 0$aIT$bUNINA$gRICA$2UNIMARC 901 $aAQ 912 $a990009825130403321 952 $aSG 200/A 14 (1)$bBIBL. 11753$fFLFBC 952 $aSG 200/A 14 (2)$bBIBL. 11753$fFLFBC 952 $aSG 200/A 14 (3)$bBIBL. 11753$fFLFBC 952 $aSG 200/A 14 (4)$bBIBL. 11753$fFLFBC 959 $aFLFBC 996 $aGrand dictionaire historique, ou le mélange curieux de l'histoire sacrée et profane qui contient en abregé les vies et les actions remarquables des Patriarches ... par M.re Louis Morery ...Où l'on a inferé le Supplement, qui avoit été imprimé saparément, dans un meme ordre Alphabetique ... Tome premier$9836144 997 $aUNINA LEADER 00987nam0-2200337li-450 001 990000177000203316 005 20180312154818.0 010 $a1-85166-528-5 035 $a0017700 035 $aUSA010017700 035 $a(ALEPH)000017700USA01 035 $a0017700 100 $a20001109d1991----km-y0itay0103----ba 101 0 $aeng 102 $aGB 200 1 $aUnderwater acoustic modeling$eprinciples, techniques and applications$fPaul C. Etter 210 $aLondon$cElsevier$dcopyr. 1991 610 1 $aacustica subacquea 676 $a620.25$9. 700 1$aEtter,$bPaul C.$08707 801 $aSistema bibliotecario di Ateneo dell' Università di Salerno$gRICA 912 $a990000177000203316 951 $a620.25 ETT$b0004886 959 $aBK 969 $aTEC 979 $c19940915 979 $c20001110$lUSA01$h1713 979 $c20020403$lUSA01$h1625 979 $aPATRY$b90$c20040406$lUSA01$h1613 996 $aUnderwater acoustic modeling$9113203 997 $aUNISA LEADER 00999nam0-2200337---450 001 990009839900403321 005 20190612104309.0 010 $a9788179103005 035 $a000983990 035 $aFED01000983990 035 $a(Aleph)000983990FED01 100 $a20140319d2010----km-y0itay50------ba 101 0 $aeng 102 $aIN 105 $aa-------001yy 200 1 $aAdvanced commercial floriculture$fS. K. Bhattacharjee$g& Lakshman Chandra De 205 $a2nd revised and enlarged edition 210 $aJaipur$cAavishkar Publ.$d2010 215 $a2 v.$cill.$d25 cm 610 0 $aFloricoltura 676 $a635.9$v22$zita 700 1$aBhattacharjee,$bS.K.$0522487 702 1$aLakshman,$bChandra De 801 0$aIT$bUNINA$gREICAT$2UNIMARC 901 $aBK 912 $a990009839900403321 952 $a60 635.9 BHATS 2010-1$b14379$fFAGBC 952 $a60 635.9 BHAS 2010-2$b14380$fFAGBC 959 $aFAGBC 996 $aAdvanced commercial floriculture$9826689 997 $aUNINA